000 00484nam a2200157 a 4500
001 000031378
005 20200930062905.0
008 110620s1989 dr 000 0 spa d
040 _aDO-SdBNP
_bspa
_cBNPHU
082 _axxxx
_bN124c
100 1 _aNacidit-Perdomo, Ylonka
_923142
245 1 0 _aContacto de una mirada :
_b(poema) /
_cYlonka Nacidit-Perdomo.
260 _aSanto Domingo :
_bL. R. Sánchez R., M. J. Colón, editores,
_c1989.
300 _a69 p. ;
_c18 cm.
049 _aBNPD
999 _c30870
_d30870